Gobiernos locales de la provincia de Buenos Aires evolución, problemáticas y desafíos a 40 años de democracia / (Record no. 10957)

MARC details
000 -LEADER
fixed length control field 02360nam a22003857a 4500
007 - PHYSICAL DESCRIPTION FIXED FIELD--GENERAL INFORMATION
fixed length control field cr
008 - FIXED-LENGTH DATA ELEMENTS--GENERAL INFORMATION
fixed length control field 250602e20241230ag |||||o ||| 00| 0 spa d
020 ## - INTERNATIONAL STANDARD BOOK NUMBER
International Standard Book Number 9786319081572
040 ## - CATALOGING SOURCE
Transcribing agency AR-FvUNAJ
Modifying agency AR-FvUNAJ
Description conventions aacr2
041 ## - LANGUAGE CODE
Language code of text/sound track or separate title spa
082 14 - DEWEY DECIMAL CLASSIFICATION NUMBER
Edition number 14
Classification number 320.8
100 1# - MAIN ENTRY--PERSONAL NAME
9 (RLIN) 2049
Personal name Amaya, Paula
Relator term Comp.
245 10 - TITLE STATEMENT
Title Gobiernos locales de la provincia de Buenos Aires evolución, problemáticas y desafíos a 40 años de democracia /
Statement of responsibility, etc Compiladora Paula Amaya
260 ## - PUBLICATION, DISTRIBUTION, ETC. (IMPRINT)
Place of publication, distribution, etc Florencio Varela :
Name of publisher, distributor, etc Universidad Nacional Arturo Jauretche,
Date of publication, distribution, etc 2024
300 ## - PHYSICAL DESCRIPTION
Extent 225 p.
Other physical details digital
440 ## - SERIES STATEMENT/ADDED ENTRY--TITLE
9 (RLIN) 20784
Title Obras Colectivas Sobre Resultados : Avances de Investigación
Number of part/section of a work 6
520 ## - SUMMARY, ETC.
Summary, etc Este libro explora la situación actual de los gobiernos locales en Argentina, centrándose en las municipalidades de la provincia de Buenos Aires. A través de cuatro artículos, los autores y las autoras analizan temas como el reciente desarrollo histórico de los gobiernos locales, las relaciones intergubernamentales, la interacción con organizaciones sociales, y el vínculo entre gobiernos locales y universidades públicas. Los textos destacan los desafíos que enfrentan las municipalidades, como la desigualdad económica, la falta de recursos y la necesidad de fortalecer sus capacidades institucionales. La obra propone reflexiones y estrategias para mejorar los gobiernos locales y la calidad de vida de la población.
540 ## - TERMS GOVERNING USE AND REPRODUCTION NOTE
Terms governing use and reproduction Esta obra está bajo una Licencia Creative Commons Argentina. Atribución - No Comercial - Sin Derivadas 2.5 Argentina (CC BY-NC-ND 2.5 AR)
Uniform Resource Identifier <a href="https://creativecommons.org/licenses/by-nc-nd/2.5/ar/">https://creativecommons.org/licenses/by-nc-nd/2.5/ar/</a>
650 27 - SUBJECT ADDED ENTRY--TOPICAL TERM
Source of heading or term unescot
9 (RLIN) 3942
Topical term or geographic name as entry element POLÍTICAS PÚBLICAS
650 27 - SUBJECT ADDED ENTRY--TOPICAL TERM
Source of heading or term unescot
9 (RLIN) 16770
Topical term or geographic name as entry element Gestión Pública
653 20 - INDEX TERM--UNCONTROLLED
Uncontrolled term Gobiernos Locales
700 1# - ADDED ENTRY--PERSONAL NAME
9 (RLIN) 21504
Personal name Cravacuore, Daniel
700 1# - ADDED ENTRY--PERSONAL NAME
9 (RLIN) 8416
Personal name Cao, Horacio
700 1# - ADDED ENTRY--PERSONAL NAME
9 (RLIN) 21505
Personal name Hoya, Agustín
700 1# - ADDED ENTRY--PERSONAL NAME
9 (RLIN) 8420
Personal name Aranda, Federico
700 1# - ADDED ENTRY--PERSONAL NAME
9 (RLIN) 2220
Personal name Schuttenberg, Mauricio
700 ## - ADDED ENTRY--PERSONAL NAME
9 (RLIN) 1008
Personal name Rofman, Adriana
700 1# - ADDED ENTRY--PERSONAL NAME
9 (RLIN) 8599
Personal name Bernazza, Claudia
700 1# - ADDED ENTRY--PERSONAL NAME
9 (RLIN) 12163
Personal name Bonicatto, María
700 1# - ADDED ENTRY--PERSONAL NAME
9 (RLIN) 21506
Personal name Motta, Pablo
830 ## - SERIES ADDED ENTRY--UNIFORM TITLE
9 (RLIN) 20784
Uniform title Obras Colectivas Sobre Resultados : Avances de Investigación
Number of part/section of a work 6
856 40 - ELECTRONIC LOCATION AND ACCESS
Electronic format type application/pdf
Uniform Resource Identifier <a href="https://rid.unaj.edu.ar/handle/123456789/3030">https://rid.unaj.edu.ar/handle/123456789/3030</a>
942 ## - ADDED ENTRY ELEMENTS (KOHA)
Source of classification or shelving scheme Dewey Decimal Classification
Item type Libro electrónico
980 ## - EQUIVALENCE OR CROSS-REFERENCE-SERIES STATEMENT--PERSONAL NAME/TITLE [LOCAL, CANADA]
Linkage 20072
Personal name Matías Regueira
Field link and sequence number 2
Miscellaneous information Virginia Figueroa
Holdings
Withdrawn status Lost status Source of classification or shelving scheme Damaged status Not for loan Collection code Home library Current library Date acquired Total Checkouts Barcode Date last seen Uniform Resource Identifier Price effective from Koha item type Source of acquisition Full call number
    Dewey Decimal Classification     Editorial UNAJ Biblioteca Central Biblioteca Central 03/06/2025   UNAJ25060014 03/06/2025   03/06/2025 Libro, folleto, traducción Donacion 320.8 AMA
    Dewey Decimal Classification   Acceso en línea + Investigación Repositorio Institucional Digital UNAJ Repositorio Institucional Digital UNAJ 02/06/2025   RID25060008 02/06/2025 https://rid.unaj.edu.ar/handle/123456789/3030 02/06/2025 Libro electrónico    

Lunes a Viernes 8:30 a 19:00 hs. Cerrado por mudanza
Av.Calchaqui 6200 Florencio Varela (CP188) 2°piso Edificio Mosconi Aula 209-210
Mail: bibliotecacentralunaj@gmail.com  
Whatsapp(54 9)1122668024    ❔Pregunte a la bibliotecaria
© Universidad Nacional Arturo Jauretche | Secretaría Académica | Biblioteca Central UNAJ